1395 1230 1706 1274 1549 1701 1958 1225 1270 1793 1216 1579 1660 1820 1907 1752 1436 1999 1876 1667 1723 1682 1804 1314 1293 1091 1140 1031 1079 1571 1506 1287 1304 1084 1558 1606 1119 1962 1194 1997 1382 1998 1757 1322 1881 1823 1216 1329 1396 1702 1165 1235 1594 1206 1472 1276 1291 1377 1302 1885 1593 1569 1818 1331 1311 1167 1339 1761 1600 1722 1170 1927 1270 1510 1002 1755 1101 1406 1221 1132 1769 1009 1703 1040 1738 1374 1760 1370 1603 1603 1273 1202 1681 1293 1344 1436 1726 1220 1215 BCNSPRNW ULIB Ver.6.0+V

เปลี่ยนเป็นภาษาไทย

Change to English
 แสดงรายละเอียดบรรณานุกรม
  กลับหน้าหลัก

Brief Record : Get Marc (ISO 2709) : E-mail record : QR code < ปิดหน้าต่าง
LEADER : 00000nam 2200000uu 4500
001    13399124555
003     ULIB
008    020711s2558 th a 000 0 tha d
020    9789740333494
060    WA465^bว735ค
100    วีรวรรณ เล็กสกุลไชย
245    ความเป็นพิษของสารและผลิตภัณฑ์เคมี/^cวีรวรรณ เล็กสกุลไชย
250    พิมพ์ครั้งที่ 1
260    กรุงเทพฯ :^bสำนักพิมพ์แห่งจุฬาลงกรณ์มหาวิทยาลัย,^c2558
300    213 หน้า;^b26 ซม.
650    พิษวิทยา
650    สารพิษ
650    ชีวพิษ
945    ^p360^l0^i23119
945    ^p360^l0^i23120
945    ^p360^l0^i23118
999    ^aกัณชพร
รายการนี้ยังไม่มีแท็ก
คุณยังไม่ได้ล็อกอิน คุณสามารถมีกิจกรรมร่วมกับเว็บไซต์ได้ แต่ต้องล็อกอินก่อน ::
  ล็อกอิน

รายการสื่อสารสนเทศ

ลำดับที่ ประเภท เลขเรียก/บาร์โค้ด สถานที่ สถานะ
1. วิทยาศาสตร์การแพทย์ และสุขภาพ
หนังสือสำรอง
สถานะ=หนังสือสำรอง
WA465 ว735ค ฉ.1 
  Barcode: 23118
ห้องสมุดวิทยาเขตนครสวรรค์
►ส่วนจัดเก็บหนังสือเก่า นว.
บนชั้น
  ขอยืม
2. วิทยาศาสตร์การแพทย์ และสุขภาพ
วิทยาศาสตร์การแพทย์ และสุขภาพ
WA465 ว735ค ฉ.3 
  Barcode: 23120
ห้องสมุดวิทยาเขตนครสวรรค์
►ส่วนจัดเก็บหนังสือเก่า นว.
บนชั้น
  ขอยืม
3. วิทยาศาสตร์การแพทย์ และสุขภาพ
วิทยาศาสตร์การแพทย์ และสุขภาพ
WA465 ว735ค ฉ.3 
  Barcode: 23119
ห้องสมุดวิทยาเขตนครสวรรค์
►ส่วนจัดเก็บหนังสือเก่า นว.
บนชั้น
  ขอยืม

รายการใกล้เคียง
    ผู้แต่ง [วีรวรรณ เล็กสกุลไชย]

    หัวเรื่อง [พิษวิทยา]
    หัวเรื่อง [สารพิษ]
    หัวเรื่อง [ชีวพิษ]

BibComment


ยังไม่เคยถูกคอมเมนท์

คอมเมนท์ทรัพยากรรายการนี้
  คอมเมนท์: ความเป็นพิษของสาร..


 Copyright 2026. Bcnsprnw @Library